000 01095pam a2200337 a 4500
001 1494657
005 20170713143040.0
006 000
007 000
008 000
010 _a 88038234
020 _a0198275412 :
_c$34.50 (U.S.)
040 _aUOEL
_cDLC
_dDLC
043 _ae-uk---
_an-us---
050 0 0 _aU263
_b.C527 1989
082 0 0 _a355/.0335/41
_219
100 1 _aClark, Ian,
_d1949-
245 1 4 _aThe British origins of nuclear strategy, 1945-1955 /
_cIan Clark and Nicholas J. Wheeler.
260 _aOxford :
_bClarendon Press ;
_a[New York] :
_bOxford University Press (USA),
_c1989.
300 _a263 p. ;
_c23 cm.
500 _aIncludes index.
504 _aBibliography: p. [243]-254.
650 0 _aNuclear warfare.
651 0 _aGreat Britain
_xMilitary policy.
651 0 _aUnited States
_xMilitary policy.
700 1 _aWheeler, Nicholas J.
856 4 2 _3Publisher description
_uhttp://www.loc.gov/catdir/enhancements/fy0604/88038234-d.html
906 _a7
_bcbc
_corignew
_d1
_eocip
_f19
_gy-gencatlg
942 _2lcc
_cSBK
999 _c13042
_d13042